[Papers presented at 1st Malaysian Intangibles conference held at Prince Hotel & Residence Kuala Lumpur on July : 3 & 4 2007

Bibliographic Details
Corporate Authors: 1st Malaysian Intangibles conference, Licensing Executives Society Malaysia, The Malaysian Institute of Certified Public Accountants
Format: Book
Published: 2007

MARC

LEADER 00000cam a2200000 7i4500
001 0000019709
005 20070706.0
040 |a INS 
090 0 0 |a S213 
110 2 |a 1st Malaysian Intangibles conference   |k 2007   |c Kuala Lumpur 
245 1 0 |a [Papers presented at 1st Malaysian Intangibles conference held at Prince Hotel & Residence Kuala Lumpur on July :   |b 3 & 4 2007 
260 |c 2007 
300 |a v. (various paging) :   |b ill. ;   |c 30 cm. 
500 |a Organised by Licensing Executives Society Malaysia 
500 |a Supported by The Malaysian Institute of Certified Public Accountants 
500 |a Unpublished 
710 1 |a Licensing Executives Society Malaysia 
710 1 |a The Malaysian Institute of Certified Public Accountants 
999 |a S000000395   |b BOOK   |c Seminar   |e Default branch 
999 |a S000000530   |b BOOK   |c Seminar   |e Default branch